|
|
|
|
| LEADER |
01503nam a22002537i 4500 |
| 005 |
20210117210224.0 |
| 008 |
161018s2003 gr ||||f |||| 000 0 gre d |
| 020 |
|
|
|a 9600217130
|
| 040 |
|
|
|a GR-PaULI
|b gre
|c GR-PaULI
|
| 041 |
0 |
|
|a gre
|
| 082 |
0 |
4 |
|2 23
|a 341.242 2
|
| 100 |
1 |
|
|9 8612
|a Κεντρωτής, Κυριάκος Δ.,
|d 1962-
|e συγγραφέας
|
| 245 |
1 |
0 |
|a Θησέας και Μινώταυρος :
|b ο μίτος της ΚΕΠΠΑ και των εξωτερικών σχέσεων της Ευρωπαϊκής Ένωσης /
|c Κυριάκος Δ. Κεντρωτής.
|
| 260 |
|
|
|a Αθήνα :
|b Παπαζήσης,
|c 2003.
|
| 300 |
|
|
|a 338 σ. ;
|c 21 εκ.
|
| 490 |
1 |
|
|a Βιβλιοθήκη εργαστηρίου γεωπολιτισμικών αναλύσεων
|
| 504 |
|
|
|a Περιλαμβάνει βιβλιογραφία.
|
| 651 |
|
4 |
|a Ευρωπαϊκή Ένωση, Χώρες της
|x Εξωτερικές σχέσεις
|9 46214
|
| 651 |
|
4 |
|9 58912
|a Ευρωπαϊκή Ένωση, Χώρες της
|x Πολιτική και διακυβέρνηση
|
| 830 |
|
0 |
|9 157648
|a Βιβλιοθήκη εργαστηρίου γεωπολιτισμικών αναλύσεων
|
| 942 |
|
|
|2 ddc
|c BKN
|
| 952 |
|
|
|0 0
|1 0
|2 ddc
|4 0
|6 341_242000000000000_2_ΚΕΝ
|7 1
|9 206615
|a LISP
|b LISP
|c DON
|d 2016-10-18
|e ΔΙΑ
|i 087817
|l 0
|o 341.242 2 ΚΕΝ
|p 025000151704
|r 2016-10-18 00:00:00
|t 1
|v 2016.00
|w 2016-10-18
|y BKN
|x Συλλογή Διακογιάννη
|
| 998 |
|
|
|c ΒΑΣΙΛΕΙΟΥ
|d 2016-10
|
| 999 |
|
|
|c 125603
|d 125603
|